| 000 | 00679cam a22001934a 4500 | ||
|---|---|---|---|
| 001 | 16084840 | ||
| 005 | 20250223141300.0 | ||
| 008 | 100204s2005 moua b 001 0 eng | ||
| 020 | _a9780323025935 | ||
| 050 | 0 | 0 |
_aRJ245 _b.W46 2005 |
| 082 | 0 | 0 |
_a610.73/62 _221 |
| 245 | 0 | 0 |
_aWong's essentials of pediatric nursing / _c[edited by] Marilyn J. Hockenberry ; section editors, David Wilson, Marilyn L. Winkelstein. |
| 250 | _a7th ed. | ||
| 260 |
_aSt. Louis, Mo. : _bElsevier/Mosby, _cc2005. |
||
| 300 |
_axxxi, 1307 p. : _bill. (chiefly col.) ; _c29 cm. + _e1 CD-ROM (4 3/4 in.) |
||
| 650 | 0 | _aPediatric nursing. | |
| 700 | 1 | _aHockenberry, Marilyn J. | |
| 942 |
_2lcc _cBK _e7th ed. _n0 |
||
| 999 |
_c4195 _d4195 |
||